| 000 | 00871nam a2200229 a 4500 | ||
|---|---|---|---|
| 001 | 44503 | ||
| 003 | BD-RjUL | ||
| 005 | 20211209053853.0 | ||
| 008 | 160718s1969 bg ||||| |||| 00| 0 ben d | ||
| 020 | _c: PRs.5.00 | ||
| 035 | _a(BD-RjUL)44621 | ||
| 040 |
_aBD-RjUL _bben _cBD-RjUL _dBD-RjUL |
||
| 041 | _aben | ||
| 082 |
_223 _a891.4409 _bFAR 1969 |
||
| 100 |
_aফারুকী, রশীদ আল _9136580 |
||
| 245 | 1 | 0 |
_aরুচি ও প্রগতি / _cরশীদ আল ফারুকী |
| 260 |
_aচট্টগ্রাম : _bপ্রজ্ঞা প্রকাশনী, _c১৯৬৯ |
||
| 300 |
_a[৬], ১৫৫ পৃ. ; _c২৩ সেমি. |
||
| 650 |
_aবাংলা সাহিত্য _vইতিহাস ও সমালোচনা _9117445 |
||
| 650 |
_aBangla Literature _vHistory and Criticism _9135419 |
||
| 942 |
_2ddc _cBK |
||
| 999 |
_c44503 _d44503 |
||